The Second World War, Vol. 3 : The War at Sea.

Bibliographic Details
Main Author: Grove, Philip D.
Other Authors: Grove, Mark J., Finlan, Alastair.
Format: eBook
Language:English
Published: Milton : Taylor & Francis Group, 2003.
Edition:1st ed.
Series:Essential Histories Series
Subjects:
Online Access:Click to View
LEADER 02089nam a22004093i 4500
001 EBC7245003
003 MiAaPQ
005 20231204023228.0
006 m o d |
007 cr cnu||||||||
008 231204s2003 xx o ||||0 eng d
020 |a 9781135882587  |q (electronic bk.) 
020 |z 9780415968478 
035 |a (MiAaPQ)EBC7245003 
035 |a (Au-PeEL)EBL7245003 
035 |a (OCoLC)1378934252 
040 |a MiAaPQ  |b eng  |e rda  |e pn  |c MiAaPQ  |d MiAaPQ 
100 1 |a Grove, Philip D. 
245 1 4 |a The Second World War, Vol. 3 :  |b The War at Sea. 
250 |a 1st ed. 
264 1 |a Milton :  |b Taylor & Francis Group,  |c 2003. 
264 4 |c Ã2003. 
300 |a 1 online resource (121 pages) 
336 |a text  |b txt  |2 rdacontent 
337 |a computer  |b c  |2 rdamedia 
338 |a online resource  |b cr  |2 rdacarrier 
490 1 |a Essential Histories Series 
505 0 |a Front Cover -- Copyright Page -- Contents -- Introduction -- Chronology -- Background to war The Second World War -- Warring sides Reluctant adversaries -- Outbreak Opening moves -- The fighting Across the world's seas -- Portrait of a sailor Peter Herbert Owen, Royal Navy midshipman -- The world around war The impact of war -- Portrait of a civilian John Delaney-Nash, merchant mariner -- How the war ended The German fleet is scuttled -- Conclusion and consequences The price of admiralty -- Further reading -- Index. 
588 |a Description based on publisher supplied metadata and other sources. 
590 |a Electronic reproduction. Ann Arbor, Michigan : ProQuest Ebook Central, 2023. Available via World Wide Web. Access may be limited to ProQuest Ebook Central affiliated libraries.  
655 4 |a Electronic books. 
700 1 |a Grove, Mark J. 
700 1 |a Finlan, Alastair. 
776 0 8 |i Print version:  |a Grove, Philip D.  |t The Second World War, Vol. 3  |d Milton : Taylor & Francis Group,c2003  |z 9780415968478 
797 2 |a ProQuest (Firm) 
830 0 |a Essential Histories Series 
856 4 0 |u https://ebookcentral.proquest.com/lib/matrademy/detail.action?docID=7245003  |z Click to View